000 00511nam a2200157 i 4500
001 20276
003 ES-MaACL
005 20230906152252.0
007 t|
008 021111s1913 sp ||||1| spa d
100 1 _aAguirre Berlanga, Manuel.
_918856
245 1 0 _aDiscurso pronunciado por su autor, en la ceremonia cĂ­vica del 16 de septiembre de 1913, en Piedras Negras, Edo. de Coah /
_cM. Aguirre Berlanga.
260 _a[S.l. :
_bs.n.,
_c1913]
300 _a13 p. ;
_c20 cm.
852 _aES-MaACL
_j1598-F-19
999 _c20276
_d20276